Thi pháp của huyền thoại

Gespeichert in:
Bibliographische Detailangaben
1. Verfasser: Meletinsky, E. M.
Format: Buch
Sprache:Undetermined
Veröffentlicht: Hà Nội Đại học Quốc Gia 2004
Schlagworte:
Tags: Tag hinzufügen
Keine Tags, Fügen Sie den ersten Tag hinzu!
Thư viện lưu trữ: Trung tâm Học liệu Trường Đại học Cần Thơ
LEADER 00623nam a2200205Ia 4500
001 CTU_73956
008 210402s9999 xx 000 0 und d
020 |c 50500 
082 |a 808.3 
082 |b M519 
100 |a Meletinsky, E. M. 
245 0 |a Thi pháp của huyền thoại 
245 0 |c E.M.Meletinsky ; Trần Nho Thìn, Song Mộc (dịch) 
260 |a Hà Nội 
260 |b Đại học Quốc Gia 
260 |c 2004 
650 |a Literature,Phê bình văn học 
650 |x History and criticsm 
904 |i Mai Loan, QHieu 
980 |a Trung tâm Học liệu Trường Đại học Cần Thơ